|
|
|
|
| LEADER |
00000nam0a2200000 4500 |
| 001 |
84406 |
| 005 |
20231031100607.0 |
| 010 |
|
|
|a 5829105187
|
| 035 |
|
|
|a (RuTPU)RU\TPU\book\90730
|
| 090 |
|
|
|a 84406
|
| 100 |
|
|
|a 20051031d2005 m y0rusy50 ca
|
| 101 |
0 |
|
|a rus
|
| 102 |
|
|
|a RU
|
| 105 |
|
|
|a y j 001zy
|
| 200 |
1 |
|
|a Связи с общественностью
|e учебное пособие
|f Э. В. Кондратьев, Р. Н. Абрамов
|
| 205 |
|
|
|a 3-е изд.
|
| 210 |
|
|
|a Москва
|c Академический проект
|d 2005
|
| 215 |
|
|
|a 431 с.
|
| 225 |
1 |
|
|a Gaudeamus
|
| 320 |
|
|
|a Библиогр. в конце статей
|
| 451 |
|
1 |
|0 (RuTPU)RU\TPU\book\131407
|y 5-8291-0810-0
|t Связи с общественностью
|o учебное пособие
|f Э. В. Кондратьев, Р. Н. Абрамов
|e 4-е изд., испр. и доп.
|c М.
|n Академический проект
|d 2007
|p 432 с.
|a Кондратьев, Эдуард Викторович
|
| 451 |
|
1 |
|0 (RuTPU)RU\TPU\book\71799
|y 5-8291-0424-5
|t Связи с общественностью
|o учебное пособие
|f Э. В. Кондратьев, Р. Н. Абрамов
|e 2-е изд., испр. и доп.
|c М.
|n Академический проект
|d 2004
|p 432 с.
|s Учебное пособие для высшей школы
|a Кондратьев, Эдуард Викторович
|
| 610 |
1 |
|
|a экономика
|
| 610 |
1 |
|
|a паблик рилейшнз
|
| 610 |
1 |
|
|a связи с общественностью
|
| 610 |
1 |
|
|a PR-кампании
|
| 610 |
1 |
|
|a PR-деятельность
|
| 610 |
1 |
|
|a PR-коммуникации
|
| 610 |
1 |
|
|a PR-технологии
|
| 610 |
1 |
|
|a пресс-конференции
|
| 610 |
1 |
|
|a пресс-релиз
|
| 610 |
1 |
|
|a презентации
|
| 610 |
1 |
|
|a имидж
|
| 610 |
1 |
|
|a потребители
|
| 610 |
1 |
|
|a информация
|
| 610 |
1 |
|
|a потребности
|
| 610 |
1 |
|
|a кризисы
|
| 610 |
1 |
|
|a управление
|
| 610 |
1 |
|
|a эффективность
|
| 610 |
1 |
|
|a оценка
|
| 610 |
1 |
|
|a медитация
|
| 610 |
1 |
|
|a мифы
|
| 610 |
1 |
|
|a социализация
|
| 610 |
1 |
|
|a риторика
|
| 610 |
1 |
|
|a учебные пособия
|
| 610 |
1 |
|
|a термины
|
| 675 |
|
|
|a 659.4(075.8)
|v 3
|
| 700 |
|
1 |
|a Кондратьев
|b Э. В.
|g Эдуард Викторович
|
| 701 |
|
1 |
|a Абрамов
|b Р. Н.
|g Роман Николаевич
|
| 801 |
|
1 |
|a RU
|b 63413507
|c 20051031
|g PSBO
|
| 801 |
|
2 |
|a RU
|b 63413507
|c 20170119
|g PSBO
|
| 900 |
|
|
|a Связи с общественностью
|
| 900 |
|
|
|a Менеджмент
|
| 900 |
|
|
|a Маркетинг
|
| 900 |
|
|
|a Современные гуманитарные технологии
|
| 900 |
|
|
|a Маркетинговые исследования в связях с общественностью
|
| 900 |
|
|
|a Управление репутацией предприятия в условиях кризиса
|
| 942 |
|
|
|c BK
|
| 951 |
|
|
|a 521500
|
| 959 |
|
|
|a 84/20051019
|d 2
|e 153,34
|f АНЛ:1
|f ЧЗГЛ:1
|